| 000 | 00974cam a22002777a 4500 | ||
|---|---|---|---|
| 999 |
_c20361 _d20361 |
||
| 005 | 20200104041804.0 | ||
| 008 | 110517s2011 bl a b f000 0 por | ||
| 020 | _a9788560548774 | ||
| 040 |
_aDLC _cDLC _dCO-BoIAVH |
||
| 041 | 0 | _apor | |
| 044 | _abl | ||
| 082 | 0 | 4 |
_a338.17 _bT77p |
| 245 | 0 | 0 |
_aTransgênicos para quem? : _bagricultura, ciência, sociedade / _cMagda Zanoni, Gilles Ferment, organizadores. |
| 260 |
_aBrasília (Brasi) : _bMinistério do Desenvolvimento Agrário, _c2011. |
||
| 300 |
_a536 páginas : _bilustraciones ; _c23 x 16 cm. |
||
| 490 | 0 |
_aSérie NEAD debate ; _v24 |
|
| 504 | _aIncluye referencias bibliográficas. | ||
| 650 | 2 | 6 | _aAgricultura |
| 650 | 2 | 6 | _aAgronomía |
| 650 | 2 | 6 | _aBioseguridad |
| 650 | 2 | 6 | _aTransgénicos |
| 700 | 1 |
_aZanoni, Magda. _eorganizadora |
|
| 700 | 1 |
_aFerment, Gilles. _eorganizador |
|
| 710 | 1 |
_aBrasil _bMinistério do Desenvolvimiento |
|
| 942 |
_2ddc _cLIBRO |
||